000 00345nam a2200133Ia 4500
008 100328s9999 xx 000 0 und d
082 _b9163
100 _aकरमळकर भा.स.
245 _aआतषबाजी
260 _bउद्यम
630 _aआतषबाजी
730 _aआतषबाजी
942 _cBOOK
999 _c504879
_d504876